Movies Quiz

Random Movies or Actor Quiz
Score 0/26 Timer 08:00
0 Plays Today
% Correct
Predator
96.1%
Terminator 2: Judgment Day
92.7%
Terminator 3: Rise of the Machines
91.6%
Batman & Robin
88.8%
Kindergarten Cop
88.7%
True Lies
88.1%
Commando
87.5%
Twins
87%
The Terminator
86%
The Running Man
84.6%
Total Recall
83.6%
Jingle All the Way
80.1%
Conan the Barbarian
76.7%
% Correct
Junior
73.3%
Last Action Hero
71.4%
The Expendables 2
63.3%
Red Sonja
56.6%
Red Heat
53.8%
End of Days
51.3%
Escape Plan
49%
Eraser
48.5%
The Last Stand
41.9%
The 6th Day
36.4%
Raw Deal
28.8%
Collateral Damage
24.1%
Sabotage
23.3%
Remove Ads.
Support Sporcle.
Get the best of Sporcle when you Go Orange. This ad-free experience offers more features, more stats, and more fun while also helping to support Sporcle. Thank you for becoming a member.

You're not logged in!

Compare scores with friends on all Sporcle quizzes.
OR
Log In

Show Comments

Extras

Top Quizzes Today


Score Distribution

Your Account Isn't Verified!

In order to create a playlist on Sporcle, you need to verify the email address you used during registration. Go to your Sporcle Settings to finish the process.

Report this User

Report this user for behavior that violates our Community Guidelines.

Details: